000 01513nam0a2200337 4500
001 RU\NLR\BIBL_A\012545867
005 20211008174927.0
010 _a978-5-8290-1822-1
_9500
021 _aRU
_bКН-П-21-006386
_9КН-П-21-0499
035 _a(NLR Aleph) 012545867
035 _a(RuMoRGB)010568175
090 _a12414527
_c12414527
100 _a20210615d2019 u y0rusy50 ca
101 0 _arus
102 _aRU
105 _aa j 000yy
181 0 _ai
_baxxe
182 0 _an
200 1 _aМаркетинг образовательных услуг
_eучебное пособие
_fЕ. О. Валеева
_gЛенинградский государственный университет имени А. С. Пушкина
203 _aТекст
_bвизуальный
_cнепосредственный
210 _aСанкт-Петербург
_cЛенинградский государственный университет имени А.С. Пушкина
_d2019
215 _a51, [1] с.
_cил., табл.
_d21 см
320 _aБиблиогр.: с. 43 (9 назв.)
606 1 _aОбразовательные услуги
_xМаркетинг
_jУчебные издания для повышения квалификации
_2nlr_sh2
_3RU\NLR\AUTH\6601671168
686 1 _aЧ34(2Р)8я77
700 1 _aВалеева
_bЕ. О.
_gЕлена Олеговна
942 _cBOOK
980 _aNBR
980 _aNB